000 00667nam a2200217Ia 4500
008 131103s9999 xx 000 0 und d
020 _cRs.70.00
040 _aLoreto College
041 _aEnglish
082 _a370.1/BHA
_bLCBED/11856
100 _aBhatia,Kamala
245 _aTheory and principles of education
_b philosophical and sociological bases of education
_cKamala Bhatia and B.D.Bhatia
250 _a20th ed.
260 _aDelhi
_bDoaba
_c1994
300 _axvi,444 p.
_b ill..,fig.
_c 21 cm.
504 _aIncludes appendix,bibliographical references
650 _aEducation
700 _aBhatia, B D
850 _aLCBED/370.1/BHA
942 _cBK
999 _c26338
_d76817